Normal view
MARC view
- Wazwaz, Abdul-Majid.
Entry Personal Name
001 - CONTROL NUMBER
- control field: 10472
003 - CONTROL NUMBER IDENTIFIER
- control field: NUST
005 - DATE AND TIME OF LATEST TRANSACTION
- control field: 20180523054922.0
008 - FIXED-LENGTH DATA ELEMENTS
- fixed length control field: 180523|| aca||aabn | a|a d
040 ## - CATALOGING SOURCE
- Original cataloging agency: NUST
- Transcribing agency: NUST
100 ## - HEADING--PERSONAL NAME
- Personal name: Wazwaz, Abdul-Majid.
670 ## - SOURCE DATA FOUND
- Source citation: Work cat.: (NUST)0: Wazwaz, Abdul-Majid., A first course in integral equations
